[Event "4. Lovsprings EMT Mesterklassen"]
[Site "Ringsted"]
[Date "1992.04.05"]
[Round "1"]
[White "Arnkilde, Anders"]
[Black "Christensen, Lars (1957)"]
[Result "0-1"]
[WhiteElo "2018"]
[BlackElo "2093"]
[PlyCount "40"]
[EventDate "1992.??.??"]

1. e4 c5 2. Nc3 Nc6 3. Nf3 d6 4. d4 cxd4 5. Nxd4 Nf6 6. Bg5 Qb6 7. Ndb5 a6 8.
Be3 Qa5 9. Nd4 Nxe4 10. Nxc6 bxc6 11. Qf3 d5 12. Bd2 Nxd2 13. Kxd2 g6 14. Re1
Bh6+ 15. Kd1 Qb4 16. Qf6 O-O 17. Qxc6 Qxb2 18. Nxd5 Bg4+ 19. f3 Qc1+ 20. Ke2
Qd2# 0-1

[Event "4. Lovsprings EMT Mesterklassen"]
[Site "Ringsted"]
[Date "1992.04.05"]
[Round "1"]
[White "Nielsen, Max"]
[Black "Pedersen, Hans Dahl"]
[Result "0-1"]
[WhiteElo "2050"]
[BlackElo "2161"]
[PlyCount "108"]
[EventDate "1992.??.??"]

1. e4 c5 2. Nf3 e6 3. d4 cxd4 4. Nxd4 a6 5. Nc3 Qc7 6. Bd3 Nc6 7. Be3 Nf6 8.
O-O Nxd4 9. Bxd4 Bc5 10. Bxc5 Qxc5 11. a4 O-O 12. Kh1 d6 13. f4 Bd7 14. Qe2 Bc6
15. e5 Nd7 16. Ne4 Bxe4 17. Qxe4 g6 18. Qxb7 Ra7 19. Qe4 dxe5 20. fxe5 Nxe5 21.
b4 Qc3 22. Rab1 Nxd3 23. cxd3 Rd7 24. b5 axb5 25. axb5 Qxd3 26. Qa4 Rd4 27. Qa7
Rb4 28. Rbd1 Qxb5 29. Qe7 Rd4 30. Rb1 Qd7 31. Qf6 Qd8 32. Qf3 Qd5 33. Qg3 Rd3
34. Qf2 Rd2 35. Qg3 Qd3 36. Qf4 Qe2 37. Qg3 Rfd8 38. h3 Rd1 39. Rbxd1 Rxd1 40.
Rxd1 Qxd1+ 41. Kh2 Qd4 42. Qb3 h5 43. g3 Qf2+ 44. Kh1 Kh7 45. h4 e5 46. Qd5 Qf5
47. Kh2 e4 48. Qd2 Qf3 49. Qd7 Qf2+ 50. Kh1 e3 51. Qd4 Qf1+ 52. Kh2 e2 53. g4
e1=Q 54. gxh5 Qh1# 0-1

[Event "4. Lovsprings EMT Mesterklassen"]
[Site "Ringsted"]
[Date "1992.04.05"]
[Round "1"]
[White "Buhl, Poul"]
[Black "Rasmussen, Henning"]
[Result "1/2-1/2"]
[WhiteElo "2011"]
[BlackElo "1936"]
[PlyCount "124"]
[EventDate "1992.??.??"]

1. c4 Nf6 2. g3 c6 3. Bg2 d5 4. cxd5 cxd5 5. Nf3 Nc6 6. O-O e6 7. b3 Be7 8. Bb2
O-O 9. Na3 a6 10. Nc2 b5 11. Ncd4 Nxd4 12. Bxd4 Bb7 13. Qc1 Nd7 14. Qb2 Bf6 15.
Rac1 Rc8 16. Rxc8 Qxc8 17. Rc1 Qb8 18. Bxf6 gxf6 19. Bh3 Rc8 20. Nd4 Nf8 21.
Rc3 Rxc3 22. Qxc3 Qc8 23. Qxc8 Bxc8 24. b4 Ng6 25. d3 Kf8 26. f3 f5 27. f4 Ke7
28. Kf2 Kd6 29. e3 Ne7 30. a3 f6 31. Nb3 Nc6 32. Kf3 Ne7 33. g4 fxg4+ 34. Bxg4
f5 35. Bh5 Ng8 36. Kg3 Nf6 37. Be2 h6 38. Nd4 Bd7 39. Nb3 Bc8 40. Nd4 Bd7 41.
Kh4 Be8 42. Nb3 Bd7 43. Nc5 Bc8 44. Bf3 a5 45. e4 dxe4 46. dxe4 fxe4 47. Nxe4+
Nxe4 48. Bxe4 axb4 49. axb4 e5 50. fxe5+ Kxe5 51. Bc6 Kd4 52. Bxb5 Kc3 53. Bf1
Kxb4 54. Kh5 Kc5 55. Kxh6 Bg4 56. Kg5 Bd1 57. Bd3 Kd6 58. Kf6 Bg4 59. Bf1 Bd7
60. h4 Bg4 61. Bc4 Bd1 62. Be6 Be2 1/2-1/2

[Event "4. Lovsprings EMT Mesterklassen"]
[Site "Ringsted"]
[Date "1992.04.05"]
[Round "1"]
[White "Lynge, Michael"]
[Black "Larsen, Bjorn"]
[Result "1-0"]
[WhiteElo "2042"]
[BlackElo "2011"]
[PlyCount "71"]
[EventDate "1992.??.??"]

1. d4 f5 2. Bg5 g6 3. Nc3 Bg7 4. h4 d5 5. e3 Be6 6. Nf3 Nd7 7. Bf4 c6 8. Ng5
Bf7 9. Nxf7 Kxf7 10. Qd2 e6 11. Be2 h5 12. O-O-O Bf6 13. g3 b5 14. Bf1 a5 15.
Kb1 a4 16. Ne2 Qb6 17. f3 b4 18. e4 b3 19. cxb3 axb3 20. a3 Ra4 21. exf5 exf5
22. Be3 Ne7 23. Nc3 Ra7 24. Bg5 Rha8 25. Bh3 c5 26. dxc5 Qxc5 27. Bxf6 Nxf6 28.
Bf1 Nc6 29. Nxd5 Rd8 30. Qc3 Rxd5 31. Bc4 Ne7 32. Bxd5+ Qxd5 33. Rxd5 Nfxd5 34.
Qxb3 Ke6 35. Re1+ Kd6 36. Qb8+ 1-0

[Event "4. Lovsprings EMT Mesterklassen"]
[Site "Ringsted"]
[Date "1992.04.12"]
[Round "2"]
[White "Hald, Jens Erik"]
[Black "Lynge, Michael"]
[Result "1-0"]
[WhiteElo "2101"]
[BlackElo "2042"]
[PlyCount "145"]
[EventDate "1992.??.??"]

1. e4 e6 2. d4 d5 3. e5 c5 4. c3 Nc6 5. Nf3 Bd7 6. Be2 f6 7. O-O fxe5 8. Nxe5
Nxe5 9. dxe5 Qc7 10. c4 Qxe5 11. Bh5+ g6 12. Bf3 O-O-O 13. Re1 Qd4 14. Qxd4
cxd4 15. cxd5 exd5 16. Bf4 Ne7 17. b4 b5 18. a4 bxa4 19. Na3 Nc6 20. b5 Nb4 21.
Rec1+ Kb7 22. Be5 Rg8 23. Rab1 Bf5 24. Rc7+ Kb6 25. Rbc1 Rd7 26. Bxd4+ Ka5 27.
Rxd7 Bxd7 28. Rc7 Bxb5 29. Rxa7+ Ba6 30. Ra8 Nc6 31. Bc3+ Kb6 32. Bxd5 Bxa3 33.
Bxg8 Bd6 34. Re8 Ne7 35. Ba2 Bb5 36. Rd8 Bc7 37. Rh8 h5 38. Rh7 Nf5 39. h3 Bd3
40. Rd7 Bc2 41. Rd2 Be4 42. f3 Bc6 43. Bf7 Ka7 44. Bxg6 Bb6+ 45. Kf1 Ne3+ 46.
Ke1 Nc4 47. Bxh5 Nxd2 48. Kxd2 Bf2 49. Bg6 Bg3 50. Ke3 Kb6 51. Be4 Be8 52. f4
Kc5 53. f5 Bf7 54. Kf3 Bh4 55. Kf4 a3 56. g4 a2 57. g5 Bf2 58. g6 Bg8 59. f6
Bd4 60. f7 Bxc3 61. f8=Q+ Kb5 62. Bd3+ Ka4 63. Qa8+ Kb4 64. Qb8+ Ka3 65. Qxg8
a1=Q 66. Qa8+ Kb4 67. Qxa1 Bxa1 68. Kf5 Kc5 69. Ke6 Bh8 70. h4 Kd4 71. h5 Kxd3
72. h6 Ke4 73. g7 1-0

[Event "4. Lovsprings EMT Mesterklassen"]
[Site "Ringsted"]
[Date "1992.04.12"]
[Round "2"]
[White "Nielsen, Max"]
[Black "Buhl, Poul"]
[Result "1-0"]
[WhiteElo "2050"]
[BlackElo "2011"]
[PlyCount "75"]
[EventDate "1992.??.??"]

1. e4 c5 2. Nf3 d6 3. d4 cxd4 4. Nxd4 Nf6 5. Nc3 g6 6. Be3 Bg7 7. f3 O-O 8. Qd2
Nc6 9. Bc4 Bd7 10. O-O-O Na5 11. Bb3 Nxb3+ 12. cxb3 Qb8 13. h4 b5 14. h5 b4 15.
Na4 Qb7 16. Kb1 Rac8 17. Bh6 e5 18. Bxg7 Kxg7 19. Nf5+ Bxf5 20. exf5 Rc6 21.
fxg6 fxg6 22. hxg6 h5 23. g4 Qc8 24. Qg5 Rh8 25. gxh5 Rh6 26. Qe3 Rxh5 27. Rxh5
Nxh5 28. Qg5 Nf6 29. Rh1 Ng8 30. Rh7+ Kf8 31. Rh8 Kg7 32. Rh7+ Kf8 33. Rxa7 Rc7
34. Nb6 Qb8 35. Nd7+ Rxd7 36. Rxd7 Ke8 37. Qf5 Ne7 38. Qe6 1-0

[Event "4. Lovsprings EMT Mesterklassen"]
[Site "Ringsted"]
[Date "1992.04.12"]
[Round "2"]
[White "Rasmussen, Henning"]
[Black "Frederiksen, Henrik"]
[Result "1-0"]
[WhiteElo "1936"]
[BlackElo "2099"]
[PlyCount "189"]
[EventDate "1992.??.??"]

1. Nf3 Nf6 2. c4 g6 3. Nc3 Bg7 4. e4 d6 5. d4 O-O 6. Be2 e5 7. dxe5 dxe5 8.
Qxd8 Rxd8 9. Bg5 Re8 10. O-O-O h6 11. Be3 Na6 12. Ne1 Bf8 13. f3 c6 14. Nc2 Be6
15. Rd2 Kg7 16. Rhd1 Be7 17. b3 Rec8 18. Kb2 Ne8 19. a3 Bg5 20. Bxg5 hxg5 21.
Ne3 Nf6 22. b4 Rh8 23. h3 Nh5 24. c5 Nc7 25. Bc4 Nf4 26. Bxe6 Nfxe6 27. Ng4 a5
28. Nxe5 axb4 29. axb4 Na6 30. Kb3 Rhe8 31. Nc4 Nac7 32. Nb6 Rad8 33. Rxd8 Nxd8
34. Nc4 Nce6 35. Ne2 Rh8 36. Rd7 Kf8 37. Rd2 Ke7 38. Kc3 Nc7 39. Nd6 Nde6 40.
Nc4 Nb5+ 41. Kb2 Ra8 42. Nb6 Ra3 43. Nc8+ Ke8 44. Nd6+ Nxd6 45. Rxd6 Re3 46.
Rd2 Nf4 47. Nxf4 gxf4 48. Kc2 Ra3 49. Kb2 Re3 50. Kc2 Ke7 51. Rd3 Re2+ 52. Rd2
Re1 53. Rd1 Rxd1 54. Kxd1 Kf6 55. Ke2 Ke5 56. Kd3 g5 57. Kc4 f6 58. Kd3 Ke6 59.
Kd4 Kf7 60. Kd3 Kg6 61. Kd4 Kf7 62. Kd3 Kg7 63. Kd4 Kg6 64. Kd3 Kf7 65. Kd4 Ke6
66. Kd3 Ke5 67. Kc4 Ke6 68. Kd3 Ke7 69. Kc4 Kf7 70. Kd3 Ke7 71. Kd4 Kd7 72. Kd3
Ke6 73. Kc4 Kf7 74. Kd4 Kg6 75. Kd3 Kh5 76. Ke2 Kh4 77. Kf2 Kh5 78. Ke2 Kg6 79.
Kd3 Kf7 80. Kc4 Ke7 81. Kd4 Kd7 82. Kd3 Kc7 83. Kd4 Kd7 84. Kc4 Ke6 85. Kd4 f5
86. exf5+ Kxf5 87. Kd3 Kg6 88. Ke4 Kf6 89. h4 gxh4 90. Kxf4 Ke6 91. Kg5 Kd5 92.
Kxh4 Kc4 93. Kg5 Kxb4 94. f4 Kxc5 95. f5 1-0

[Event "4. Lovsprings EMT Mesterklassen"]
[Site "Ringsted"]
[Date "1992.04.12"]
[Round "2"]
[White "Christensen, Lars (1957)"]
[Black "Pedersen, Hans Dahl"]
[Result "0-1"]
[WhiteElo "2093"]
[BlackElo "2161"]
[PlyCount "82"]
[EventDate "1992.??.??"]

1. e4 c5 2. c3 e6 3. Nf3 Nc6 4. d4 cxd4 5. cxd4 d5 6. e5 Qb6 7. Nc3 Bd7 8. Rb1
Bb4 9. Be3 f6 10. Bd3 Nge7 11. O-O Bxc3 12. bxc3 Qc7 13. Re1 O-O-O 14. Qe2 Na5
15. c4 dxc4 16. Rec1 Bc6 17. Bxc4 Nxc4 18. Qxc4 Nd5 19. Qc5 Nxe3 20. fxe3 Rd5
21. Qc4 f5 22. e4 fxe4 23. Ng5 Qd7 24. Nxe4 Rxd4 25. Qe2 Qd5 26. Nd6+ Kb8 27.
Rb2 Ka8 28. Rcb1 Rb8 29. Kh1 h5 30. Qxh5 Rd2 31. Rxd2 Qxd2 32. Rg1 Qxa2 33. Qg6
Bd5 34. Qxg7 Qb2 35. h4 Qf2 36. Qg4 Rh8 37. h5 Qe3 38. Rf1 Qxe5 39. Nf7 Rxh5+
40. Kg1 Qe3+ 41. Rf2 Qe1+ 0-1

[Event "4. Lovsprings EMT Mesterklassen"]
[Site "Ringsted"]
[Date "1992.04.12"]
[Round "2"]
[White "Larsen, Bjorn"]
[Black "Arnkilde, Anders"]
[Result "0-1"]
[WhiteElo "2011"]
[BlackElo "2018"]
[PlyCount "36"]
[EventDate "1992.??.??"]

1. d4 d5 2. Bg5 Bf5 3. c4 Bxb1 4. Rxb1 dxc4 5. Qa4+ Nc6 6. Nf3 Qd5 7. e3 b5 8.
Qd1 e5 9. dxe5 Bb4+ 10. Ke2 Qe4 11. g3 f6 12. exf6 gxf6 13. Bh3 Rd8 14. Bf4
Rxd1 15. Rhxd1 Nge7 16. Bxc7 O-O 17. a3 Bc5 18. Nh4 Nd4+ 0-1

[Event "4. Lovsprings EMT Mesterklassen"]
[Site "Ringsted"]
[Date "1992.04.19"]
[Round "3"]
[White "Pedersen, Hans Dahl"]
[Black "Hald, Jens Erik"]
[Result "1/2-1/2"]
[WhiteElo "2161"]
[BlackElo "2101"]
[PlyCount "45"]
[EventDate "1992.??.??"]

1. b3 c5 2. Bb2 e6 3. Nf3 Nc6 4. g3 Nf6 5. Bg2 Be7 6. O-O O-O 7. d3 Qc7 8. c4
b6 9. Nc3 a6 10. d4 cxd4 11. Nxd4 Bb7 12. e4 Rfd8 13. Nc2 Rac8 14. Qe2 Ba8 15.
Rad1 d6 16. Ne3 Ne5 17. f4 Ned7 18. Rfe1 Bc6 19. Nc2 b5 20. Nd4 bxc4 21. Nxc6
Qxc6 22. Kh1 Ne8 23. Rc1 1/2-1/2

[Event "4. Lovsprings EMT Mesterklassen"]
[Site "Ringsted"]
[Date "1992.04.19"]
[Round "3"]
[White "Frederiksen, Henrik"]
[Black "Arnkilde, Anders"]
[Result "1/2-1/2"]
[WhiteElo "2099"]
[BlackElo "2018"]
[PlyCount "98"]
[EventDate "1992.??.??"]

1. c4 f5 2. Nc3 Nf6 3. Nh3 b6 4. e4 fxe4 5. d4 e6 6. Bg5 Bb4 7. Rc1 Bb7 8. Be2
O-O 9. O-O Be7 10. Bh4 Na6 11. Bg3 c6 12. d5 exd5 13. cxd5 cxd5 14. Nf4 d4 15.
Qxd4 Bc5 16. Qa4 Nc7 17. b4 Bd6 18. Qb3+ Kh8 19. Ng6+ hxg6 20. Bxd6 Re8 21. Bc4
Ne6 22. Ne2 Ng4 23. Qg3 Nh6 24. Nf4 Nxf4 25. Qxf4 Qf6 26. Qg3 Nf5 27. Qh3+ Qh4
28. Rc3 e3 29. Qxh4+ Nxh4 30. fxe3 Nxg2 31. Rf7 Rxe3 32. Bf8 Rxc3 33. Bxg7+ Kh7
34. Bxc3+ Kh6 35. Bd2+ g5 36. Bd3 Kh5 37. Bf5 Rh8 38. Rg7 Nf4 39. Kf2 Bc6 40.
Be3 a5 41. Bxb6 axb4 42. Bd4 Ne6 43. Bxe6 dxe6 44. Bc5 Bd5 45. Bxb4 Bxa2 46.
Be7 Kg4 47. Rxg5+ Kf4 48. Kg1 e5 49. Rg3 Rg8 1/2-1/2

[Event "4. Lovsprings EMT Mesterklassen"]
[Site "Ringsted"]
[Date "1992.04.19"]
[Round "3"]
[White "Christensen, Lars (1957)"]
[Black "Rasmussen, Henning"]
[Result "1/2-1/2"]
[WhiteElo "2093"]
[BlackElo "1936"]
[PlyCount "96"]
[EventDate "1992.??.??"]

1. e4 e6 2. Nf3 d5 3. e5 Bd7 4. a3 a5 5. d4 c5 6. c3 Qb6 7. Be2 a4 8. O-O Bb5
9. Be3 Bxe2 10. Qxe2 Nc6 11. Rd1 c4 12. Qc2 Nge7 13. Nh4 Ng6 14. Bg5 Be7 15.
Bxe7 Ncxe7 16. Nf3 Nf5 17. Nbd2 Qc7 18. Nf1 Qe7 19. g3 b5 20. Qd2 O-O 21. Re1
Rae8 22. Re2 Kh8 23. Rae1 Kg8 24. h4 h5 25. Ng5 Kh8 26. Nh2 Rg8 27. Qc2 Nf8 28.
Kg2 g6 29. f4 Nh7 30. Nhf3 Nxg5 31. fxg5 Rc8 32. Qd2 Kg7 33. Qf4 Kf8 34. Nh2
Ke8 35. Nf1 Kd8 36. Ne3 Nxe3+ 37. Qxe3 Rc7 38. Rf1 Rg7 39. Ref2 Kc8 40. Qf3 Kb7
41. Qf4 Rh7 42. g4 hxg4 43. Kg3 Qe8 44. Qxg4 Rd7 45. Rf6 Re7 46. R1f4 Kc7 47.
Qf3 Qg8 48. Kf2 Kd7 1/2-1/2

[Event "4. Lovsprings EMT Mesterklassen"]
[Site "Ringsted"]
[Date "1992.04.19"]
[Round "3"]
[White "Lynge, Michael"]
[Black "Nielsen, Max"]
[Result "0-1"]
[WhiteElo "2042"]
[BlackElo "2050"]
[PlyCount "80"]
[EventDate "1992.??.??"]

1. d4 Nf6 2. c4 g6 3. Nc3 Bg7 4. e4 d6 5. f4 O-O 6. Nf3 c5 7. d5 e6 8. Be2 exd5
9. cxd5 Bg4 10. O-O Nbd7 11. Nd2 Bxe2 12. Qxe2 Re8 13. Qf3 Qe7 14. a4 a6 15.
Rb1 c4 16. Nxc4 Nxe4 17. Nxe4 Qxe4 18. Qxe4 Rxe4 19. Nxd6 Rxa4 20. Be3 b5 21.
b3 Ra2 22. Rfc1 Nf6 23. Rd1 Rd8 24. Rbc1 Bf8 25. Rc8 Rxd6 26. Bc5 Kg7 27. Bxd6
Bxd6 28. Rd4 Ng4 29. g3 Nxh2 30. Rd3 Ng4 31. Rc6 Nf2 32. Rf3 Ne4 33. f5 Bc5+
34. Kh1 gxf5 35. Rc7 Bd6 36. Rc6 Nxg3+ 37. Kg1 Ne4 38. Rxf5 Bc5+ 39. Rxc5 Nxc5
40. b4 Nd7 0-1

[Event "4. Lovsprings EMT Mesterklassen"]
[Site "Ringsted"]
[Date "1992.04.19"]
[Round "3"]
[White "Larsen, Bjorn"]
[Black "Buhl, Poul"]
[Result "0-1"]
[WhiteElo "2011"]
[BlackElo "2011"]
[PlyCount "74"]
[EventDate "1992.??.??"]

1. e4 c5 2. Nf3 d6 3. c3 Nf6 4. e5 dxe5 5. Nxe5 Qd5 6. d4 e6 7. Qf3 cxd4 8.
Qxd5 Nxd5 9. Bb5+ Nd7 10. cxd4 Bb4+ 11. Ke2 a6 12. Bxd7+ Bxd7 13. Nxd7 Kxd7 14.
a3 Ba5 15. b4 Bb6 16. Kd3 Rhc8 17. Bd2 Rc7 18. Nc3 Nxc3 19. Bxc3 Rac8 20. Rac1
Kd6 21. Bd2 Kd5 22. Rxc7 Rxc7 23. Rc1 Rxc1 24. Bxc1 Bxd4 25. f3 f5 26. f4 h6
27. Bd2 Bf6 28. Be3 g5 29. g3 e5 30. fxe5 Bxe5 31. Bc5 h5 32. Be7 f4 33. Bxg5
fxg3 34. hxg3 Bxg3 35. Ke2 Kc4 36. Kf3 Be5 37. Be7 b5 0-1

[Event "4. Lovsprings EMT Mesterklassen"]
[Site "Ringsted"]
[Date "1992.05.03"]
[Round "4"]
[White "Hald, Jens Erik"]
[Black "Nielsen, Max"]
[Result "1/2-1/2"]
[WhiteElo "2101"]
[BlackElo "2050"]
[PlyCount "90"]
[EventDate "1992.??.??"]

1. Nf3 Nf6 2. g3 b6 3. Bg2 Bb7 4. O-O e6 5. c4 Be7 6. Nc3 O-O 7. b3 Ne4 8. Nxe4
Bxe4 9. Bb2 f5 10. d3 Bb7 11. e3 Qe8 12. Rc1 Bf6 13. Bxf6 Rxf6 14. Re1 d6 15.
Qe2 Nd7 16. Rcd1 Rh6 17. h4 Rf6 18. Qf1 Bxf3 19. Bxf3 Rd8 20. d4 e5 21. Bc6 Qe7
22. Bxd7 Rxd7 23. b4 Qe8 24. c5 Rdf7 25. cxd6 cxd6 26. dxe5 dxe5 27. Qc4 h6 28.
Rd2 Kh7 29. Red1 Rf8 30. Rd7 Qh5 31. Qc2 Rg6 32. R1d6 Rxd6 33. Rxd6 Qe8 34. a3
e4 35. Qc3 Rf7 36. Qd4 Re7 37. Qd5 Qf7 38. Qd4 Rc7 39. Qd1 Qa2 40. Qd5 Qxd5 41.
Rxd5 Kg6 42. a4 Kf6 43. Kg2 Ke6 44. Rd4 h5 45. b5 Rc1 1/2-1/2

[Event "4. Lovsprings EMT Mesterklassen"]
[Site "Ringsted"]
[Date "1992.05.03"]
[Round "4"]
[White "Buhl, Poul"]
[Black "Christensen, Lars (1957)"]
[Result "0-1"]
[WhiteElo "2011"]
[BlackElo "2093"]
[PlyCount "56"]
[EventDate "1992.??.??"]

1. c4 Nf6 2. g3 d5 3. cxd5 Nxd5 4. Bg2 e5 5. Nc3 Be6 6. Nf3 Nc6 7. O-O Be7 8.
d3 h5 9. Qa4 Nb6 10. Qc2 h4 11. Be3 Qd7 12. Ne4 Bh3 13. Rfc1 Bxg2 14. Kxg2 hxg3
15. fxg3 Nd5 16. Bg1 Nd4 17. Qd2 O-O-O 18. Nxe5 Qh3+ 19. Kf2 Rh5 20. Nf3 Rf5
21. Rc4 Nb6 22. Rac1 g5 23. Qc3 c6 24. Ke1 Nxe2 25. Kxe2 Qg2+ 26. Bf2 Qxf3+ 27.
Kf1 Nd5 28. Qd4 Ne3+ 0-1

[Event "4. Lovsprings EMT Mesterklassen"]
[Site "Ringsted"]
[Date "1992.05.03"]
[Round "4"]
[White "Arnkilde, Anders"]
[Black "Lynge, Michael"]
[Result "1/2-1/2"]
[WhiteElo "2018"]
[BlackElo "2042"]
[PlyCount "112"]
[EventDate "1992.??.??"]

1. e4 e6 2. d4 d5 3. Nc3 Nf6 4. e5 Nfd7 5. f4 c5 6. Nf3 Nc6 7. Be3 a6 8. a4
cxd4 9. Nxd4 Bc5 10. Nxc6 bxc6 11. Bxc5 Nxc5 12. b4 Nd7 13. Qd2 Qb6 14. Rb1 O-O
15. Qf2 Qxf2+ 16. Kxf2 f6 17. exf6 Rxf6 18. Ke3 Rb8 19. Be2 d4+ 20. Kxd4 Rxf4+
21. Ne4 e5+ 22. Ke3 Nb6 23. g3 Nd5+ 24. Kd3 Rf8 25. Kc4 Ne3+ 26. Kb3 Be6+ 27.
c4 a5 28. Kc3 Bf5 29. Bd3 axb4+ 30. Rxb4 Rxb4 31. Kxb4 Rd8 32. Kc3 Bg6 33. Nc5
Bxd3 34. Nxd3 e4 35. Nb2 Ng4 36. Re1 Nf6 37. a5 Ra8 38. Kb4 c5+ 39. Ka4 Rb8 40.
Re2 Kf7 41. a6 Nd7 42. Ka5 Ne5 43. a7 Nc6+ 44. Ka4 Nxa7 45. Ka3 Re8 46. Na4 Re5
47. Nc3 e3 48. Nd5 Re4 49. Rxe3 Rxe3+ 50. Nxe3 Ke6 51. Kb3 Ke5 52. Kc3 Ke4 53.
Nd5 Nc6 54. Nf4 Nd8 55. Ne2 Ke3 56. Nf4 Ke4 1/2-1/2

[Event "4. Lovsprings EMT Mesterklassen"]
[Site "Ringsted"]
[Date "1992.05.03"]
[Round "4"]
[White "Rasmussen, Henning"]
[Black "Pedersen, Hans Dahl"]
[Result "0-1"]
[WhiteElo "1936"]
[BlackElo "2161"]
[PlyCount "77"]
[EventDate "1992.??.??"]

1. Nf3 d5 2. c4 c6 3. e3 e6 4. d4 Nf6 5. Nc3 Nbd7 6. Bd3 dxc4 7. Bxc4 b5 8. Bd3
Bb7 9. O-O Be7 10. Bd2 a6 11. Rc1 c5 12. Bb1 Qb6 13. a3 O-O 14. dxc5 Nxc5 15.
b4 Nce4 16. Nxe4 Nxe4 17. Bc3 Nxc3 18. Rxc3 Bf6 19. Qc2 g6 20. Rc5 Rad8 21. h4
Be7 22. Rc3 Bxf3 23. gxf3 Rd5 24. Rd1 Rxd1+ 25. Qxd1 Bxh4 26. Kg2 a5 27. f4
axb4 28. axb4 Bf6 29. Rd3 Qc6+ 30. f3 Be7 31. Rd4 Qc3 32. Qd3 Qe1 33. Qd1 Qxe3
34. Qd3 Qe1 35. Qd1 Qc3 36. Qd2 Bxb4 37. Qxc3 Bxc3 38. Rd7 b4 39. Rd1 0-1

[Event "4. Lovsprings EMT Mesterklassen"]
[Site "Ringsted"]
[Date "1992.05.03"]
[Round "4"]
[White "Larsen, Bjorn"]
[Black "Frederiksen, Henrik"]
[Result "0-1"]
[WhiteElo "2011"]
[BlackElo "2099"]
[PlyCount "140"]
[EventDate "1992.??.??"]

1. d4 Nf6 2. Bg5 c5 3. Bxf6 gxf6 4. d5 d6 5. Nd2 Bg7 6. e3 f5 7. c3 Nd7 8. Ne2
Nf6 9. Nf4 O-O 10. Bd3 e5 11. dxe6 fxe6 12. O-O e5 13. Nh5 Nxh5 14. Qxh5 Rf6
15. Rfe1 Rh6 16. Qd1 e4 17. Bc4+ d5 18. Nf1 Be6 19. Bb3 Kh8 20. Qe2 c4 21. Bd1
Qh4 22. Qc2 Rg8 23. g3 Be5 24. Qd2 Rhg6 25. Rc1 b5 26. Rc2 a5 27. a3 a4 28. f4
Bf6 29. Qg2 Qh6 30. Qh1 Qg7 31. Ree2 Rh6 32. Kf2 Be7 33. Ke1 Bf7 34. Red2 Bc5
35. Qg1 Bb6 36. Qf2 Rd8 37. Qg1 Qf6 38. Qf2 Qe7 39. Qg1 Ba5 40. Qf2 Bb6 41. Be2
Qa7 42. Kd1 Rdd6 43. h4 Qd7 44. Kc1 Rhf6 45. Qg1 h5 46. Qf2 Kh7 47. Kb1 Kh6 48.
Qe1 Rg6 49. Qf2 Rg8 50. Qg1 Rdg6 51. Bd1 Bc5 52. Qf2 Qd6 53. Ka2 R6g7 54. Qe1
Rb8 55. Be2 Rgg8 56. Qf2 Rb6 57. Kb1 Rgb8 58. Kc1 Bxa3 59. bxa3 Qxa3+ 60. Kd1
Qb3 61. Ke1 a3 62. Bd1 b4 63. cxb4 Rxb4 64. Qe2 c3 65. Rd4 Rxd4 66. exd4 Ra8
67. Ra2 Qb4 68. Bc2 Qxd4 69. Qb5 Qa7 70. Bb3 d4 0-1

[Event "4. Lovsprings EMT Mesterklassen"]
[Site "Ringsted"]
[Date "1992.05.17"]
[Round "5"]
[White "Christensen, Lars (1957)"]
[Black "Hald, Jens Erik"]
[Result "1/2-1/2"]
[WhiteElo "2093"]
[BlackElo "2101"]
[PlyCount "29"]
[EventDate "1992.??.??"]

1. e4 c5 2. c3 d5 3. exd5 Qxd5 4. d4 e6 5. Nf3 Nc6 6. Be3 Nf6 7. Be2 Ng4 8. Bf4
Qf5 9. Bg3 Nf6 10. O-O Be7 11. Ne5 O-O 12. Bd3 Qh5 13. Be2 Qf5 14. Bd3 Qh5 15.
Be2 1/2-1/2

[Event "4. Lovsprings EMT Mesterklassen"]
[Site "Ringsted"]
[Date "1992.05.17"]
[Round "5"]
[White "Lynge, Michael"]
[Black "Buhl, Poul"]
[Result "1/2-1/2"]
[WhiteElo "2042"]
[BlackElo "2011"]
[PlyCount "136"]
[EventDate "1992.??.??"]

1. d4 Nf6 2. c4 g6 3. Nc3 Bg7 4. e4 d6 5. Be2 O-O 6. Bg5 h6 7. Be3 e5 8. d5 Na6
9. g4 Kh7 10. h4 Ng8 11. f3 c5 12. Qd2 Nc7 13. O-O-O a6 14. Kb1 Bd7 15. Nh3 b5
16. Bd3 bxc4 17. Bxc4 Nb5 18. Nf2 Qa5 19. Ne2 Qxd2 20. Bxd2 Rfb8 21. Kc2 Ne7
22. a4 Nd4+ 23. Nxd4 exd4 24. b3 Nc8 25. Nd3 Nb6 26. Nb2 Nxc4 27. Nxc4 d3+ 28.
Kxd3 Rxb3+ 29. Ke2 Bxa4 30. Nxd6 Rb6 31. Nc4 Bxd1+ 32. Rxd1 Rb7 33. e5 Bxe5 34.
Nxe5 Re8 35. f4 f6 36. Bc3 Kg7 37. Kd3 fxe5 38. fxe5 Kf7 39. Rf1+ Ke7 40. Rf6
c4+ 41. Kxc4 Rc8+ 42. Kd4 Rb3 43. d6+ Ke8 44. Bd2 Rb5 45. Bxh6 Rcc5 46. Bf4
Rd5+ 47. Ke4 Rd1 48. Re6+ Kd7 49. Re7+ Kc8 50. Rc7+ Kd8 51. Bg5+ Ke8 52. Re7+
Kd8 53. Rc7+ Ke8 54. e6 Re1+ 55. Be3 Rxe3+ 56. Kxe3 Re5+ 57. Kd4 Rxe6 58. Kd5
Re1 59. Ra7 Rd1+ 60. Ke6 Re1+ 61. Kf6 Re4 62. Kg5 Ra4 63. h5 gxh5 64. Kxh5 a5
65. g5 Rd4 66. g6 Rd5+ 67. Kg4 Rxd6 68. Rxa5 Rxg6+ 1/2-1/2

[Event "4. Lovsprings EMT Mesterklassen"]
[Site "Ringsted"]
[Date "1992.05.17"]
[Round "5"]
[White "Pedersen, Hans Dahl"]
[Black "Arnkilde, Anders"]
[Result "0-1"]
[WhiteElo "2161"]
[BlackElo "2018"]
[PlyCount "70"]
[EventDate "1992.??.??"]

1. Nf3 d5 2. g3 Nc6 3. Bg2 e5 4. O-O e4 5. Ne1 f5 6. d3 Be6 7. c3 Bd6 8. Nc2
Qd7 9. b4 h5 10. Bg5 Nh6 11. Qd2 Nf7 12. Bf4 h4 13. f3 Bxf4 14. Qxf4 g5 15. Qe3
h3 16. Bh1 exd3 17. exd3 f4 18. gxf4 gxf4 19. Qxf4 O-O-O 20. b5 Nce5 21. Qd4
Qxb5 22. Rd1 Nc6 23. Qe3 Rde8 24. Nba3 Qa5 25. Qd2 Qc5+ 26. d4 Qf8 27. Kf2 Nd6
28. Re1 Ne4+ 29. Rxe4 dxe4 30. d5 Qc5+ 31. Qe3 Qxd5 32. fxe4 Rhf8+ 33. Ke1 Qe5
34. Nd4 Nxd4 35. Qxd4 Qxh2 0-1

[Event "4. Lovsprings EMT Mesterklassen"]
[Site "Ringsted"]
[Date "1992.05.17"]
[Round "5"]
[White "Frederiksen, Henrik"]
[Black "Nielsen, Max"]
[Result "0-1"]
[WhiteElo "2099"]
[BlackElo "2050"]
[PlyCount "156"]
[EventDate "1992.??.??"]

1. d4 Nf6 2. Nf3 g6 3. c4 Bg7 4. Nc3 O-O 5. e4 d6 6. Be2 e5 7. O-O Nc6 8. d5
Ne7 9. Ne1 Nd7 10. Nd3 f5 11. Bd2 Nf6 12. f3 f4 13. c5 g5 14. Rc1 Ng6 15. cxd6
cxd6 16. Nb5 Rf7 17. Qc2 Ne8 18. a4 Bf8 19. Nf2 h5 20. h3 Rg7 21. Qb3 Nh4 22.
Rc3 a6 23. Na3 Nf6 24. Be1 g4 25. fxg4 hxg4 26. hxg4 Nh5 27. Rh3 Ng3 28. Rxg3
fxg3 29. Qxg3 Ng6 30. Nh3 Qb6+ 31. Rf2 Be7 32. Nc4 Qd8 33. Qe3 Bd7 34. Nb6 Bh4
35. Rf1 Bxe1 36. Rxe1 Rb8 37. Rf1 Nf8 38. Nxd7 Qxd7 39. Rf5 Qxa4 40. Qh6 Ng6
41. Bf3 Rf8 42. Ng5 Qa1+ 43. Kh2 Qc1 44. Qh5 Rxf5 45. gxf5 Nf8 46. Nh3 Rh7 47.
Qg4+ Kf7 48. g3 Qxb2+ 49. Kg1 Qc1+ 50. Kg2 Qd2+ 51. Be2 Rg7 52. Qf3 Qh6 53. g4
Nh7 54. Qc3 Qf6 55. Qc8 Qe7 56. Nf2 Rg8 57. Qc3 Ng5 58. Nh1 Nxe4 59. Qb4 Ng5
60. Ng3 Qc7 61. f6 b5 62. Ne4 Nxe4 63. Qxe4 Kxf6 64. Qf5+ Kg7 65. Bd3 Qf7 66.
Qg5+ Kf8 67. Qd8+ Kg7 68. Qxd6 Re8 69. Be4 Qf6 70. Qc7+ Re7 71. Qc5 Rf7 72. Bf5
Qg5 73. Qc2 Rxf5 74. Qxf5 Qxf5 75. gxf5 a5 76. Kf3 a4 77. Ke4 a3 78. d6 a2 0-1

[Event "4. Lovsprings EMT Mesterklassen"]
[Site "Ringsted"]
[Date "1992.05.17"]
[Round "5"]
[White "Rasmussen, Henning"]
[Black "Larsen, Bjorn"]
[Result "1/2-1/2"]
[WhiteElo "1936"]
[BlackElo "2011"]
[PlyCount "74"]
[EventDate "1992.??.??"]

1. Nf3 g6 2. d4 f5 3. c4 Nf6 4. Nc3 Bg7 5. g3 O-O 6. Bg2 d6 7. O-O Nc6 8. d5
Ne5 9. Nxe5 dxe5 10. e4 f4 11. h3 a6 12. g4 g5 13. f3 h5 14. Rf2 Kf7 15. Bf1
Rh8 16. Be2 Rh6 17. Rf1 hxg4 18. hxg4 Qh8 19. Kf2 Bd7 20. Ke1 Rh3 21. Kd2 Qh4
22. Kc2 Rh8 23. Bd2 Qg3 24. Rc1 Nh7 25. Be1 Qg2 26. Rf2 Qg1 27. Rf1 Qa7 28. Bf2
Qb8 29. Rh1 Nf8 30. Rxh3 Rxh3 31. Qf1 Rh6 32. Qg2 Ng6 33. Rh1 Qh8 34. Rxh6 Qxh6
35. Qf1 Qh2 36. Qg1 Qh3 37. Qf1 Qh2 1/2-1/2